=LDR 00000nam 2200000 4500 =001 INLIS000000000041002 =005 20130612150545 =008 ***********************************Ind** =035 ##$$a0010-061300000041002 =041 ##$$a Ind =082 ##$$a 928 =090 ##$$a 928, Sud s.3 =100 ##$$a Soedarmanta,J.B =245 ##$$a Jejak-Jejak Pahlawan =260 ##$$a 2007 $b Jakarta =300 ##$$a 443 hlm, 22 cm =850 ##$$a NBPNMAT =990 ##$$a 94286/BPAP-NTB/2014